<?xml version="1.0" encoding="UTF-8"?>
<collection xmlns="http://www.loc.gov/MARC21/slim">
 <record>
  <leader>04600nam a2200277 a 4500</leader>
  <controlfield tag="001">kal3158</controlfield>
  <controlfield tag="003">Gr-AtHEAL</controlfield>
  <controlfield tag="005">20160422105434.0</controlfield>
  <controlfield tag="006">m        d        </controlfield>
  <controlfield tag="008">160413s2015    gr      s           gre|c</controlfield>
  <datafield tag="020" ind1=" " ind2=" ">
   <subfield code="a">9789606033599</subfield>
  </datafield>
  <datafield tag="040" ind1=" " ind2=" ">
   <subfield code="a">GR-AtHEAL</subfield>
   <subfield code="b">gre</subfield>
   <subfield code="c">GR-AtHEAL</subfield>
  </datafield>
  <datafield tag="082" ind1="0" ind2="4">
   <subfield code="a">174</subfield>
   <subfield code="2">23</subfield>
  </datafield>
  <datafield tag="100" ind1="1" ind2=" ">
   <subfield code="a">Παπαδοπούλου, Θεοδώρα.</subfield>
   <subfield code="8">678</subfield>
  </datafield>
  <datafield tag="245" ind1="1" ind2="0">
   <subfield code="a">Ειδικά θέματα βιοηθικής</subfield>
   <subfield code="h">[Ηλεκτρονικός πόρος] </subfield>
   <subfield code="b">Εφαρμοσμένη ηθική</subfield>
   <subfield code="c">Παπαδοπούλου, Θεοδώρα ; Κριτικός αναγνώστης,Τσινόρεμα, Σταυρούλα ; Γραφιστική επιμέλεια,Δεδικούση, Σταματία ; Τεχνική επιμέλεια,Κοντού, Παναγιώτα.</subfield>
  </datafield>
  <datafield tag="260" ind1=" " ind2=" ">
   <subfield code="a">Αθήνα :</subfield>
   <subfield code="b">Σύνδεσμος Ελληνικών Ακαδημαϊκών Βιβλιοθηκών,</subfield>
   <subfield code="c">c2015.</subfield>
  </datafield>
  <datafield tag="490" ind1=" " ind2=" ">
   <subfield code="a">Ακαδημαϊκά Ηλεκτρονικά Συγγράμματα και Βοηθήματα Κάλλιπος</subfield>
   <subfield code="8">40</subfield>
  </datafield>
  <datafield tag="520" ind1=" " ind2=" ">
   <subfield code="a">Η εξέλιξη των βιοατρικών και βιοτεχνολογικών ερευνών δεν συνάδει πάντοτε με την παράλληλη ανάπτυξη και έρευνα στον τομέα της Βιοηθικής παρά το γεγονός ότι αποτελεί κομβικό στοιχείο μελέτης και διερεύνησης αυτών. Παραμελείται ο φιλοσοφικός προβληματισμός για μια σειρά από ηθικά θέματα που άπτονται τόσο των τρόπων που αυτές λαμβάνουν χώρα όσο και των εφαρμογών που αυτές μπορεί να έχουν. Το παρόν, λοιπόν, εγχερίδιο απευθύνεται τόσο σε προτυχιακούς όσο και μεταπτυχιακούς φοιτητές των τομέων των Επιστημών της Ζωής όσο και σε αυτούς που σπουδάζουν Φιλοσοφία και γεικότερα κοινωνικές επιστήμες. Αποσκοπεί στην εξοικείωση των φοιτητών και φοιτητριών µε τα βασικά προβλήµατα της Βιοηθικής. Μέσω αυτού θα κληθούν να αναπτύξουν την κριτική τους σκέψη πάνω σε βασικά προβλήµατα της εφαρµοσµένης αυτής µορφής της ηθικής. Αυτά τα θέµατα αποκτούν µείζονα σηµασία λόγω των δυνατοτήτων διαµεσολάβησης τους στην βιολογική υπόσταση του ατόµου. Αρχικά γίνεται µια αποσαφήνιση των βασικών εννοιών που συνιστούν τον πυρήνα της καθώς προσδιορίζονται και οι συναφείς αυτής κλάδοι. Αφού προσδιοριστεί το εννοιολογικό πλαίσιο της «Ηθικής» και εξεταστούν οι έννοιες που συνιστούν την «Βιοηθική», στη συνέχεια θα µελετηθούν έννοιες όπως η ευγονική, η ευθανασία, η κλωνοποίηση, η άµβλωση, η υποβοηθούµενη αναπαραγωγική κλωνοποίηση ως θεραπευτική, ενώ θα δοθούν οι κοινωνικές και οι νοµικές διαστάσεις αυτών των φαινοµένων. Μεγαλύτερο ενδιαφέρον αποκτά πάντως ο προβληµατισµός και η εντρύφηση σχετικά µε το εύρος και την προβληµατική αυτών παρά η στείρα αντιµετώπιση τους.</subfield>
  </datafield>
  <datafield tag="650" ind1=" " ind2="0">
   <subfield code="a">Bioethics</subfield>
   <subfield code="8">2255</subfield>
  </datafield>
  <datafield tag="653" ind1=" " ind2=" ">
   <subfield code="a">Ηθική</subfield>
   <subfield code="a">Προοπτικές και επίπεδα της ηθικής</subfield>
   <subfield code="a">Εφαρμοσμένη ηθική</subfield>
   <subfield code="a">Βιοηθική</subfield>
  </datafield>
  <datafield tag="700" ind1="1" ind2=" ">
   <subfield code="a">Τσινόρεμα, Σταυρούλα</subfield>
   <subfield code="e">Κριτικός αναγνώστης</subfield>
   <subfield code="8">679</subfield>
  </datafield>
  <datafield tag="856" ind1="4" ind2="0">
   <subfield code="u">http://hdl.handle.net/11419/3158</subfield>
   <subfield code="z">Πλήρες Κείμενο - Full text</subfield>
  </datafield>
  <datafield tag="907" ind1=" " ind2=" ">
   <subfield code="a">.b25680298</subfield>
   <subfield code="b">12-06-18</subfield>
   <subfield code="c">29-07-16</subfield>
  </datafield>
  <datafield tag="949" ind1=" " ind2=" ">
   <subfield code="0">0</subfield>
   <subfield code="1">0</subfield>
   <subfield code="2">ddc</subfield>
   <subfield code="4">0</subfield>
   <subfield code="6">174_000000000000000_ΠΑΠ</subfield>
   <subfield code="7">0</subfield>
   <subfield code="8">KALL</subfield>
   <subfield code="8">788</subfield>
   <subfield code="d">2016-04-13</subfield>
   <subfield code="r">2016-04-13</subfield>
   <subfield code="w">2016-04-13</subfield>
   <subfield code="z">174 ΠΑΠ</subfield>
   <subfield code="o">SEAB KALLIPOS</subfield>
  </datafield>
  <datafield tag="998" ind1=" " ind2=" ">
   <subfield code="a">80</subfield>
   <subfield code="a">01</subfield>
   <subfield code="a">02</subfield>
   <subfield code="a">03</subfield>
   <subfield code="a">04</subfield>
   <subfield code="a">05</subfield>
   <subfield code="a">06</subfield>
   <subfield code="a">07</subfield>
   <subfield code="a">08</subfield>
   <subfield code="a">09</subfield>
   <subfield code="a">10</subfield>
   <subfield code="a">11</subfield>
   <subfield code="a">12</subfield>
   <subfield code="a">13</subfield>
   <subfield code="a">15</subfield>
   <subfield code="a">16</subfield>
   <subfield code="a">17</subfield>
   <subfield code="a">18</subfield>
   <subfield code="a">19</subfield>
   <subfield code="a">20</subfield>
   <subfield code="a">21</subfield>
   <subfield code="a">22</subfield>
   <subfield code="a">23</subfield>
   <subfield code="a">24</subfield>
   <subfield code="a">25</subfield>
   <subfield code="a">26</subfield>
   <subfield code="b">16-05-17</subfield>
   <subfield code="c">m</subfield>
   <subfield code="d">z  </subfield>
   <subfield code="e">-</subfield>
   <subfield code="f">gre</subfield>
   <subfield code="g">gr </subfield>
   <subfield code="h">0</subfield>
  </datafield>
  <datafield tag="942" ind1=" " ind2=" ">
   <subfield code="2">ddc</subfield>
   <subfield code="c">KALLIPOS</subfield>
  </datafield>
 </record>
</collection>
